000 01035nam0a22002531 4500
001 rc\4011407
005 20260408020106.0
021 _aRU
_b[56-66952]
035 _a(NLR Aleph) 008080012
090 _a9117494
_c9117494
100 _a20130415d1956 |||y0rusy50 ca
101 0 _arus
102 _aRU
105 _ay z |||||
200 1 _aКак разместить растения ягодных культур на площадях насаждений для механизированного ухода и обработки
_fМ-во сельского хозяйства РСФСР. Гл. упр. с.-х. науки
210 _aМосква
_cБ. и.
_d1956
215 _a15 с.
_d19
606 _aЯгодные культуры
_xРазмещение
_2psbo
712 0 1 _aРСФСР
_bГлавное управление сельскохозяйственной науки
_3RU\NLR\AUTH\8810179432
_9855034
801 0 _aRU
_bNLR
_gpsbo
801 1 _aRU
_bELAR
_2rusmarc
852 _aNLR
_j57-4/188
942 _cBOOK
980 _aNB